000 00451nam a2200181Ia 4500
008 090124s9999 xx 000 0 und d
082 _b9724
100 _aMEHTA VED.
245 _aMAHATMA GANDHI AND HIS APOSTLES
250 _a0
260 _bPENGUIN BOOK
_c1974
300 _a260
600 _aMEHTA VED.
630 _aMAHATMA GANDHI AND HIS APOSTLES
700 _aMEHTA VED.
730 _aMAHATMA GANDHI AND HIS APOSTLES
942 _cBOOK
999 _c86807
_d86807